Star Wars by letter - C - Statistics

General Stats
  • This quiz has been taken 44 times
    31 since last reset
  • The average score is 14 of 22
Answer Stats
Hint Answer % Correct
Protocol droid made by Anakin during his youth C3-PO
100%
Han was frozen in it on Bespin Carbonite
100%
The most famous Wookiee and Han's best friend Chewbacca
100%
Clone commander under Obi-Wan's orders during the Clone Wars Cody
100%
Capital planet of the Galactic Republic Coruscant
100%
Sith Lord and leader of the Separatist Army during the Clone Wars Count Dooku
100%
Lando ran this town before entering the Rebellion Cloud City
95%
First infantry soldiers of the Republic Army Clone Troopers
90%
The most dangerous bounty hunter from the planet Duro during the Clone Wars Cad Bane
86%
Female commander of the First Order's legions of stormtroopers Captain Phasma
81%
Elite warriors of the Separatist Army known for their incredible agility Commando Droids
62%
Salt planet where the Resistance desperately fought the First Order Crait
57%
Also called the "Bad Batch" Clone Force 99
52%
Industrial planet exploited by the Empire to build Tie Fighters and Star Destroyers Corellia
52%
Crime syndicate led in secret by an old Sith Lord that Han's love interest joined Crimson Dawn
52%
Standard handheld communication device Comlink
48%
Luxury planet that was the pride and joy of Trade Federation barons Cato Neimoidia
38%
Veteran of the Galactic Civil War who fought under the Rebellion, this female warrior from Alderaan turned herself into a mercenary and later became the Marshal of Nevarro Cara Dune
33%
Planet famous for its gambling activities and its fathier races Canto Bight
24%
Jedi Master Ki-Adi Mundi species Cerean
24%
Rare form of hypermatter essential to faster-than-light travel Coaxium
14%
One of Kylo Ren's dark enforcers, he was a skilled armorer and used a powerful customized arm-cannon to spray death and destruction Cardo
5%
No matching quizzes found
Score Distribution
Percent of People with Each Score
Percentile by Number Answered
Your Score History
You have not taken this quiz since the last reset